कवितासंग्रह भाग-2 (Record no. 412932)

MARC details
000 -LEADER
fixed length control field 00490nam a2200145Ia 4500
008 - FIXED-LENGTH DATA ELEMENTS--GENERAL INFORMATION
fixed length control field 100122s9999 xx 000 0 und d
082 ## - DEWEY DECIMAL CLASSIFICATION NUMBER
Item number 26462
Classification number 821
100 ## - MAIN ENTRY--PERSONAL NAME
Personal name पंडित वामन
245 ## - TITLE STATEMENT
Title कवितासंग्रह भाग-2
260 ## - PUBLICATION, DISTRIBUTION, ETC. (IMPRINT)
Name of publisher, distributor, etc सत्यभामाबाई पांडुरंग
Date of publication, distribution, etc 1940
300 ## - PHYSICAL DESCRIPTION
Extent 320
630 ## - SUBJECT ADDED ENTRY--UNIFORM TITLE
Uniform title कवितासंग्रह भाग-2
730 ## - ADDED ENTRY--UNIFORM TITLE
Uniform title कवितासंग्रह भाग-2
942 ## - ADDED ENTRY ELEMENTS (KOHA)
Koha item type Book
Holdings
Withdrawn status Lost status Damaged status Not for loan Home library Current library Date acquired Cost, normal purchase price Total Checkouts Full call number Barcode Date last seen Cost, replacement price Price effective from Koha item type Public note
        S.V. Pathak Library, Vile Parle S.V. Pathak Library, Vile Parle 06/17/1978 4.00   26462 SVPPARLE-26462 01/25/2010 4.00 01/25/2010 Book General NA